Cạm bẫy người Lục Sì

Shranjeno v:
Bibliografske podrobnosti
Glavni avtor: Vũ, Trọng Phụng
Format: Knjiga
Jezik:Undetermined
Izdano: Hà Nội Văn học 2007
Teme:
Oznake: Označite
Brez oznak, prvi označite!
Thư viện lưu trữ: Trung tâm Học liệu Trường Đại học Cần Thơ
LEADER 00657nam a2200217Ia 4500
001 CTU_129222
008 210402s9999 xx 000 0 und d
020 |c 25000 
082 |a 895.922331 
082 |b Ph513 
100 |a Vũ, Trọng Phụng 
245 0 |a Cạm bẫy người Lục Sì 
245 0 |c Vũ Trọng Phụng 
260 |a Hà Nội 
260 |b Văn học 
260 |c 2007 
650 |a Vietnamese literature,Vietnamese fiction,Tiểu thuyết Việt Nam thế kỷ 20 
650 |x History and criticism 
650 |y 20th century 
904 |i Giang 
980 |a Trung tâm Học liệu Trường Đại học Cần Thơ